LEADER 01215nam a2200265 i 4500 001 000000245164 003 CaOOAMICUS 005 20150925000000.0 008 150925s1938 it u000 u ita u 013 $a224069 040 $aSeMil$bita 100 1 $aCastiglioni, Carlo,$c.$0(OLS)http://semarc/name/9678 245 10$aGaysruck e Romilli :$bArcivescovi di Milano /$cCarlo Castiglioni. 260 $aMilano [etc.] :$bÀncora,$c1938. 300 $a223 p. :$b[1] ritratto ;$c23 cm. 500 $aContiene : Nota bibliografica. - Fondo card. Giovanni Colombo. 600 14$aGaisruck, Karl Kajetan : von .$0(OLS)http://semarc/subject/14917 650 4$aMilano (Arcidiocesi) - Storia - Sec. 19.$0(OLS)http://semarc/subject/2613 650 4$aRomilli, Bartolomeo Carlo .$0(OLS)http://semarc/subject/10113 850 $aSeMil 852 $aSeMil$W1$xVenegono$y1$m3GC V 301$j195510$B195510$CSeMilBibl$Z2$F206186 $8B 941 1 $a3 961 $aRecupero: Colombo Card. Giovanni 996 $6245$aGaysruck e Romilli :$bArcivescovi di Milano$9(OLS)http://semarc/title/118859 996 $6260$aMilano [etc.] :$bÀncora$9(OLS)http://semarc/publisher/32331 LEADER 01279nam a2200265 i 4500 001 000000072953 003 CaOOAMICUS 005 20090505000000.0 008 090505s1965 it u000 u ita u 013 $a44125 040 $aSeMil$bita 100 1 $aLe Moal, Paul.$0(OLS)http://semarc/name/36122 240 10$aPour une autenthique education sexuelle.$0(OLS)http://semarc/title/117729 245 10$aPer una autentica educazione sessuale /$cdi Paul Le Moal ; edizione italiana a cura di Norberto Galli ; [trad. di Luigi Baraldini]. 260 $aBrescia :$bLa Scuola,$c1965. 300 $a174 p. ;$c22 cm. 490 0 $aL'età evolutiva : contributi della medicina, della psicologia e della pedagogia al progresso evolutivo ;$v15 650 4$aEducazione sessuale.$0(OLS)http://semarc/subject/10205 700 1 $aBaraldini, Luigi.$0(OLS)http://semarc/name/3506 700 1 $aGalli, Norberto <1926- >.$0(OLS)http://semarc/name/4193 830 2$aL'età evolutiva ;$v15.$0(OLS)http://semarc/title/5831 850 $aSeMil 852 $aSeMil$W1$xVenegono$y1$m2Q III 189$j39106$B39106$CSeMilBibl$Z2$F39109 $81 996 $6245$aPer una autentica educazione sessuale$9(OLS)http://semarc/title/117728 996 $6260$aBrescia :$bLa Scuola$9(OLS)http://semarc/publisher/29831